000 02420 a2200193 4500
001 54204
005 20260407155812.0
008 260407a1960 arg spa d
003 AR-UNSa-BCEJYS
040 _aAR-UNSa-BCEJYS
_bspa
_cAR-UNSa-BCEJYS
080 _a330.342
_xNivel de desarrollo. Grados del desarrollo de la economía. Sistemas económicos
245 1 0 _aOrigen y contenido del análisis económico moderno
264 1 _aBarcelona :
_bEdiciones Ariel
_c1960
300 _a514 p.
_c24 cm.
505 _aI. Análisis preferentemente deductivos: ejemplos extraídos del pensamiento económico antiguo,medieval y moderno - II. El elemento inductivo - III. Contribuciones mercantiles - IV. El sistema fisiocrático y Turgot - V. Comentarios generales sobre la escuela clásica - VI. La teoría clásica del fondo de salarios,de la población y de los rendimientos decrecientes - VII. La teoría clásica de la renta y su generalización - VIII. La ley de Say y el problema del pleno empleo - IX. El desarrollo económico - X. La teoría clásica del valor - XI. La teoría clásica del libre cambio - XII. El socialismo marxista - XIII. La economía neoclásica y contemporánea: observaciones introductorias - XIV. Proposiciones básicas de la teoría de la elección racional del consumidor - XV. Las curvas de indiferencia y el problema de la mensurabilidad - XVI. Determinación del precio de producción de la empresa - XVII. Las estructuras del mercado - XVIII. Supresión de algunos supuestos simplificadores - XIX. La formación del precio de los factores de la producción (distribución funcional de la renta) - XX. Macro y microeconomía,estática y dinámica - XXI. Determinación del producto bajo supuestos distintos de los de Say - XXII. La función del sector público en el sistema ahorro-inversión - XXIII. Introducción explícita de factores dinámicos - XXIV. Perturbaciones cíclicas - XXV. Enseñanzas que pueden extraerse de una exposición esquemática de las expansiones y de las crisis importantes - XXVI. Introducción a los capítulos relativos a la política económica - XXVII. La competencia y el monopolio como problemas políticos - XXVIII. Políticas de pleno empleo y presiones inflacionistas - XXIX. Políticas de redistribución - XXX. Problemas de política económica internacional
942 _cBK
590 _aniveau_biblio:m niveau_hierar:0
100 1 _aFellner, William
999 _c5375
_d5375